003330000a22001210004500020001600000100002600016245006900042260003300111300001100144500003500155001000400190999001700194 a06-440031-x1 aWilder, Laura Ingalls10aThe First Four Years / Laura Ingalls Wilder, il. Garth Williamns aNew York: Harper Trophy Book a134 P. aNovela Juvenil Clasica. Tomo 9297 c47542d47542